Property Week supplement (Record no. 106039)

MARC details
000 -LEADER
fixed length control field 00958cab a2200229 4500
001 - CONTROL NUMBER
control field ##L135393
008 - FIXED-LENGTH DATA ELEMENTS--GENERAL INFORMATION
fixed length control field 060227n2006 000 0 eng u
035 ## - SYSTEM CONTROL NUMBER
System control number (Sirsi) u135393
041 0# - LANGUAGE CODE
Language code of text/sound track or separate title eng; ger
100 1# - MAIN ENTRY--PERSONAL NAME
Personal name McAllister, Sean
245 00 - TITLE STATEMENT
Title Property Week supplement
Remainder of title international
260 ## - PUBLICATION, DISTRIBUTION, ETC.
Date of publication, distribution, etc. 2006
490 #0 - SERIES STATEMENT
Series statement Property Week
Volume/sequential designation Property Week
-- 71(41)13 October 2006, 1-40(34)
520 ## - SUMMARY, ETC.
Summary, etc. Looks at: American investors ploughing money into commercial property across Europe; the prospect of US chains opening high-profile London stores in 2007; ING Real Estate which is about to open a Ł4000m shopping centre in Warsaw; difficulties with overseas investment in Belgrade and investment in the German property market.
590 ## - LOCAL NOTE (RLIN)
Local note IKA311006
690 ## - LOCAL SUBJECT ADDED ENTRY--TOPICAL TERM (OCLC, RLIN)
Topical term or geographic name as entry element PROPERTY-COMMERCIAL PROPERTY-COMMERCIAL PROPERTY MARKET
700 1# - ADDED ENTRY--PERSONAL NAME
Personal name Rae, Shonagh
700 1# - ADDED ENTRY--PERSONAL NAME
Personal name Morrison, Doug
700 1# - ADDED ENTRY--PERSONAL NAME
Personal name Hipwell, Deidre
700 1# - ADDED ENTRY--PERSONAL NAME
Personal name Benzine, Adam
942 ## - ADDED ENTRY ELEMENTS (KOHA)
Suppress in OPAC 0
Holdings
Withdrawn status Lost status Source of classification or shelving scheme Damaged status Not for loan Home library Current library Shelving location Date acquired Total Checkouts Full call number Barcode Date last seen Copy number Price effective from Koha item type
    Dewey Decimal Classification     London London Journal article 23/10/2006   L135393 30072381 06/08/2019 1 06/08/2019 Journal article